Les jeux vidéos Nintendo les plus vendus - Statistiques

Statistiques générales
  • Ce quiz a été pris 4 614 fois
    4 340 depuis la dernière actualisation
  • Le résultat moyen est 7 sur 22
Statistiques - réponses
Nombres d'exemplaires vendus Plateformes Noms des jeux les plus vendus % Correct
51,80 millions Wii U, Switch Mario Kart 8 (et Mario Kart 8 Deluxe)
78%
40,24 millions Nintendo Entertainment System (NES) Super Mario Bros.
64%
27,49 millions Switch The Legend of Zelda: Breath of the Wild
64%
37,02 millions Wii Mario Kart Wii
55%
82,90 millions Wii Wii Sports
53%
31,38 millions Game Boy, Game Boy Color, Nintendo 3DS Pokémon Rouge et Bleu
45%
23,02 millions Switch Super Mario Odyssey
33%
27,4 millions Switch Super Smash Bros. Ultimate
32%
23,59 millions Nintendo DS Mario Kart DS
30%
30,80 millions Nintendo DS New Super Mario Bros.
29%
30,32 millions Wii New Super Mario Bros. Wii
25%
23,9 millions Switch Pokémon Épée et Bouclier
25%
23 millions Game Boy, Game Boy Color Pokémon Or et Argent
25%
37,62 millions Switch Animal Crossing: New Horizons
22%
23,96 millions Nintendo DS Nintendogs
17%
33,06 millions Wii Wii Sports Resort
17%
22,67 millions Wii Wii Fit
14%
20,6 millions Super Nintendo Super Mario World
13%
28,02 millions Wii Wii Play
8%
28,3 millions Nintendo Entertainment System (NES) Duck Hunt
6%
19,01 millions Nintendo DS Programme d'entraînement cérébral du Dr Kawashima : Quel âge a votre cerveau ?
4%
21,13 millions Wii Wii Fit Plus
2%
Aucun quiz correspondant
Distribution des résultats
% des personnes avec chaque résultat
Percentile par nombre de réponses
Votre historique - résultats
Vous n’avez pas pris ce quiz depuis la dernière actualisation